000
00251nam a22001097a 4500
008
170118b xxu||||| |||| 00| 0 eng d
020
_a
9780801624070
041
_a
eng
080
_2
8TH
_a
618.2
245
_a
TOTAL PATIENT CARE
_c
HOOD, H
942
_2
udc
_c
BK
999
_c
3122
_d
3122